The Holy Spirit / (Record no. 8447)

MARC details
000 -LEADER
fixed length control field 00920cam a22002894a 4500
001 - CONTROL NUMBER
control field 13326679
003 - CONTROL NUMBER IDENTIFIER
control field OSt
005 - DATE AND TIME OF LATEST TRANSACTION
control field 20191030162308.0
008 - FIXED-LENGTH DATA ELEMENTS--GENERAL INFORMATION
fixed length control field 030827s2004 miu 000 0 eng
010 ## - LIBRARY OF CONGRESS CONTROL NUMBER
LC control number 2003062501
020 ## - INTERNATIONAL STANDARD BOOK NUMBER
International Standard Book Number 0800793641 (pbk.)
040 ## - CATALOGING SOURCE
Original cataloging agency DLC
Transcribing agency DLC
Modifying agency DLC
042 ## - AUTHENTICATION CODE
Authentication code pcc
050 00 - LIBRARY OF CONGRESS CALL NUMBER
Classification number BT121.3
Item number .G67 2004
082 00 - DEWEY DECIMAL CLASSIFICATION NUMBER
Classification number 231/.3
Edition number 22
100 1# - MAIN ENTRY--PERSONAL NAME
Personal name Gordon, Bob,
Dates associated with a name 1942-
245 14 - TITLE STATEMENT
Title The Holy Spirit /
Statement of responsibility, etc. Bob Gordon.
260 ## - PUBLICATION, DISTRIBUTION, ETC.
Place of publication, distribution, etc. Grand Rapids, Mich. :
Name of publisher, distributor, etc. Chosen Books,
Date of publication, distribution, etc. 2004.
300 ## - PHYSICAL DESCRIPTION
Extent 61 p. ;
Dimensions 22 cm.
440 #0 - SERIES STATEMENT/ADDED ENTRY--TITLE
Title Biblical truth simply explained
500 ## - GENERAL NOTE
General note Rev. ed. of: Explaining the Holy Spirit.
650 #0 - SUBJECT ADDED ENTRY--TOPICAL TERM
Topical term or geographic name entry element Holy Spirit.
700 1# - ADDED ENTRY--PERSONAL NAME
Personal name Gordon, Bob,
Dates associated with a name 1942-
Title of a work Explaining the Holy Spirit.
906 ## - LOCAL DATA ELEMENT F, LDF (RLIN)
a 7
b cbc
c orignew
d 1
e ocip
f 20
g y-gencatlg
942 ## - ADDED ENTRY ELEMENTS (KOHA)
Source of classification or shelving scheme Dewey Decimal Classification
Koha item type Books
Holdings
Withdrawn status Lost status Source of classification or shelving scheme Damaged status Not for loan Collection code Home library Current library Date acquired Total Checkouts Full call number Barcode Date last seen Price effective from Koha item type
    Dewey Decimal Classification     Non-fiction Harvest Mission College Harvest Mission College 08.11.2019   231.3 G662E 009677 08.11.2019 08.11.2019 Books

OPAC Designed and Maintained by HMC Library Team.
Copyright © HMC Library,Greater Noida, UP.
For any Suggestions/Query Contact library via Email:libhmc@gmail.com